000 00565nam a2200193 i 4500
001 57915
003 ES-MaACL
005 20250704062527.0
007 t|
008 031020s1959 sp ||||1| spa d
100 1 _aDumas, Alexandre,
_d1802-1870
_eaut
_9241135
245 1 3 _aLa bola de nieve /
_cAlejandro Dumas ; [traducción de Luis Calvo].
260 _aBarcelona :
_bMaucci,
_c[1959]
300 _a191 p. ;
_c18 cm.
700 1 _aCalvo, Luis,
_d1898-1991
_933855
852 _aES-MaACL
_jC-18074
_bR.44456
942 _2udc
999 _c57915
_d57915